000 00188 a2200097 4500
001 450
100 _aSisam,CH
245 _aAnalytic Geometry
260 _a
_bRinehart
_c
090 _c68
_d68
942 _aNUST-CAE
_cM
_c33377
999 _c235523
_d235523